000 00598nam a2200205Ia 4500
001 10266
003 GE_BSU
008 181216s||||||||xx |||||||||||||| ||und||
040 _cGE_BSU
080 _a821.353.1–1
100 _aსახვაძე,ეთერ
245 _aეს დღე; ლექსები
245 _cრედ.ლ.მესხი,მხატვ.კ.ფაჩულია
260 _aთბილისი
260 _bმერანი
260 _c1986
300 _a104გვ.17სმ.
653 _aეს დღე; ლექსები
942 _cBK
999 _c43535
_d43535